Ortografía moderna

Gardado en:
Detalles Bibliográficos
Autor Principal: Escarpanter, José (Author)
Formato: Libro
Idioma:Lingua castelá
Publicado: Bogotá Norma 1990
Series:Cómo dominar
Subjects:
Tags: Engadir etiqueta
Sen Etiquetas, Sexa o primeiro en etiquetar este rexistro!

MARC

LEADER 00000nam a2200000 a 4500
001 UCW6658
003 CL-VaPUC
008 920420e19900000CK |||||||||||||||||spa|d
082 0 4 |a 461  |b ESC  |2 21 
100 0 |a Escarpanter, José  |e author  |9 311672 
245 1 0 |a Ortografía moderna 
300 |a 188 p 
942 |c BK 
945 |d 19920420 00:00:00 
260 |a Bogotá  |b Norma  |c 1990 
650 7 |a ESPAÑOL ORTOGRAFIA  |2 CL-VaPUC  |9 309139 
583 |a last modification  |c 19920420 00:00:00  |k Rodrigo Vera 
490 0 |a Cómo dominar 
999 |c 219631  |d 219629 
952 |0 0  |1 0  |4 0  |6 461_000000000000000_ESC_1990  |7 0  |8 P  |9 210776  |a BIBEDU  |b BIBEDU  |c BIBEDU_PB  |d 2019-11-15  |i 2791986  |o 461 ESC 1990  |p 2791986  |r 2024-01-25  |w 2019-11-15  |y BK  |k EDU 
952 |0 0  |1 0  |4 0  |6 461_000000000000000_ESC_1990  |7 0  |8 A  |9 210777  |a BIBCUR  |b BIBCUR  |d 2019-11-15  |i 3641635  |o 461 ESC 1990  |p 3641635  |r 2025-04-22  |w 2019-11-15  |y BK  |k PER